Catálogo

La sombra sobre Innsmouth / (Registro nro. 40695)

Detalles MARC
000 -LEADER
fixed length control field 01192cam a2200337 i 4500
001 - CONTROL NUMBER
control field 40695
003 - CONTROL NUMBER IDENTIFIER
control field Mx-PuUPA
005 - DATE AND TIME OF LATEST TRANSACTION
control field 20240410103816.0
008 - FIXED-LENGTH DATA ELEMENTS--GENERAL INFORMATION
fixed length control field 140415s2006 mx gr 001 0 spa d
020 ## - INTERNATIONAL STANDARD BOOK NUMBER
International Standard Book Number 9706666435
040 ## - CATALOGING SOURCE
Original cataloging agency Mx-PuUPA
Language of cataloging spa
Transcribing agency Mx-PuUPA
Modifying agency Mx-PuUPA
Description conventions rda
041 1# - LANGUAGE CODE
Language code of text/sound track or separate title spa
Language code of original eng
100 1# - MAIN ENTRY--PERSONAL NAME
Personal name Lovecraft, H. P.,
Dates associated with a name 1890-1937
Fuller form of name (Howard Phillips),
Relator term autor
240 10 - UNIFORM TITLE
Uniform title The shadow over innsmouth.
Language of a work Español
245 10 - TITLE STATEMENT
Title La sombra sobre Innsmouth /
Statement of responsibility, etc. H. P. Lovecraft ; traducción por Retórica Ediciones
250 ## - EDITION STATEMENT
Edition statement 2a. edición /
Remainder of edition statement marzo
264 #4 - PRODUCTION, PUBLICATION, DISTRIBUTION, MANUFACTURE, AND COPYRIGHT NOTICE
Place of production, publication, distribution, manufacture México, D. F. :
Name of producer, publisher, distributor, manufacturer Grupo Editorial Tomo,
Date of production, publication, distribution, manufacture, or copyright notice 2006
300 ## - PHYSICAL DESCRIPTION
Extent 121 páginas ;
Dimensions 19 cm.
336 ## - CONTENT TYPE
Content type term texto
Fuente rdacontent
Content type code txt
337 ## - MEDIA TYPE
Media type term sin medio
Source rdamedia
Media type code n
338 ## - CARRIER TYPE
Carrier type term volumen
Source rdacarrier
Carrier type code nc
650 #4 - SUBJECT ADDED ENTRY--TOPICAL TERM
Topical term or geographic name entry element Historias de terror
650 #4 - SUBJECT ADDED ENTRY--TOPICAL TERM
Topical term or geographic name entry element Cuentos americanos
710 2# - ADDED ENTRY--CORPORATE NAME
Corporate name or jurisdiction name as entry element Retórica Ediciones,
Relator term traductor
765 18 - ORIGINAL LANGUAGE ENTRY
Main entry heading Lovecraft, H. P.,
Title The shadow over innsmouth.
942 ## - ADDED ENTRY ELEMENTS (KOHA)
Source of classification or shelving scheme Dewey Decimal Classification
Koha item type Libro
Classification part 813.52
Item part L919
Existencias
Withdrawn status Lost status Source of classification or shelving scheme Damaged status Not for loan Collection code Home library Current library Shelving location Date acquired Source of acquisition Total Checkouts Total Renewals Full call number Barcode Date last seen Date last checked out Price effective from Koha item type
    Dewey Decimal Classification     General Biblioteca Karol Wojtyla Biblioteca Karol Wojtyla Sala general 03/12/2013 Compra 5 3 813.52 L919 2006 61354 05/01/2026 05/02/2025 03/12/2013 Libro